Научно-практические основы совершенствования технологии содержания табунных лошадей (Запись № 12540374)

Подробности
000 -МАРКЕР
контрольное поле 03703nam0a2200397 4500
001 - ИДЕНТИФИКАТОР ЗАПИСИ
контрольное поле RU\NLR\BIBL_A\022031102
005 - ИДЕНТИФИКАТОР ВЕРСИИ
контрольное поле 20231117113721.0
010 ## - МЕЖДУНАРОДНЫЙ СТАНДАРТНЫЙ НОМЕР КНИГИ (ISBN)
Номер (ISBN) 978-5-02-041517-1
Тираж 300
021 ## - НОМЕР ГОСУДАРСТВЕННОЙ РЕГИСТРАЦИИ
Код страны Российская Федерация
Номер КН-П-23-052560
Номер Листа государственной регистраци КН-П-23-5274
035 ## - ДРУГИЕ СИСТЕМНЫЕ НОМЕРА
Идентификатор записи (NLR Aleph) 022031102
035 ## - ДРУГИЕ СИСТЕМНЫЕ НОМЕРА
Идентификатор записи (RuMoRGB)012032289
100 ## - ДАННЫЕ ОБЩЕЙ ОБРАБОТКИ
Данные общей обработки 20230920d2023 k y0rusy50 ca
101 0# - ЯЗЫК РЕСУРСА
Язык текста, звукозаписи и т.д. русский
102 ## - СТРАНА ПУБЛИКАЦИИ ИЛИ ПРОИЗВОДСТВА
Страна публикации Российская Федерация
105 ## - ПОЛЕ КОДИРОВАННЫХ ДАННЫХ: ТЕКСТОВЫЕ МАТЕРИАЛЫ, МОНОГРАФИЧЕСКИЕ
Кодированные данные о монографическом текстовом документе a z 000zy
181 #0 - ПОЛЕ КОДИРОВАННЫХ ДАННЫХ: ВИД СОДЕРЖАНИЯ
Код вида содержания (ISBD) i
Код характеристики содержания (ISBD) axxe
182 #0 - ПОЛЕ КОДИРОВАННЫХ ДАННЫХ: ТИП СРЕДСТВА
Код типа средства (ISBD) n - непосредственное
200 1# - ЗАГЛАВИЕ И СВЕДЕНИЯ ОБ ОТВЕТСТВЕННОСТИ
Основное заглавие Научно-практические основы совершенствования технологии содержания табунных лошадей
Параллельное заглавие Scientific and practical bases for improving the tehnolkgy of keeping herd horses
Первые сведения об ответственности Л. Н. Владимиров, Н. Т. Винокуров, В. А. Мачахтырова [и др.
Последующие сведения об ответственности Академия наук Республики Саха (Якутия), Федеральный исследовательский центр "Якутский научный центр Сибирского отделения Российской академии наук", Обособленное подразделение ЯНЦ СО РАН Якутский научно-исследовательский институт сельского хозяйства имени М. Г. Сафронова]
Язык параллельного заглавия английский
203 ## - ВИД СОДЕРЖАНИЯ И ТИП СРЕДСТВА
Вид содержания Текст
Дополнительные сведения об издании визуальный
Тип средства непосредственный
210 ## - ПУБЛИКАЦИЯ, РАСПРОСТРАНЕНИЕ И ДР.
Место издания, распространения и т.д. Новосибирск
Имя издателя, распространителя и т. д. Наука
Дата издания, распространения и т.д. 2023
215 ## - ФИЗИЧЕСКАЯ ХАРАКТЕРИСТИКА
Специфическое обозначение материала и объем 102, [1] с., [2] л. цв. ил.
Другие сведения о физической характеристике ил., табл.
Размеры 22
300 ## - ОБЩИЕ ПРИМЕЧАНИЯ
Текст примечания Авт. также на англ. яз.: L. N. Vladimirov, N. T. Vinokurov, V. A. Machakhtyrova [et al.]
320 ## - ПРИМЕЧАНИЯ О НАЛИЧИИ В ДОКУМЕНТЕ БИБЛИОГРАФИИ / УКАЗАТЕЛЯ
Текст примечания Библиогр.: с. 91-101
330 ## - РЕЗЮМЕ ИЛИ РЕФЕРАТ
Текст примечания В монографии изложены результаты многолетних научных исследований, производственных испытаний по повышению кондиционной устойчивости табунных лошадей, оценке и методу отбора племенных кобыл, выращиванию племенного молодняка. Рассмотрены особенности внедрения усовершенствованной технологии табунного коневодства как основного элемента интенсификации отрасли для создания территориальной модели интегрированных структур в табунном коневодстве Республики Саха (Якутия). Книга предназначена для специалистов в области коневодства, зоотехников, студентов ветеринарных и сельскохозяйственных факультетов вузов
510 1# - ПАРАЛЛЕЛЬНОЕ ЗАГЛАВИЕ
Связь между полями z11790
Параллельное заглавие Scientific and practical bases for improving the tehnolkgy of keeping herd horses
Язык заглавия английский
606 1# - НАИМЕНОВАНИЕ ТЕМЫ КАК ПРЕДМЕТ
Наименование темы Табунное коневодство
Географический подзаголовок Саха (Якутия), Республика
Код системы nlr_sh1
-- nlr_sh2
Идентификатор авторитетной/нормативной записи RU\NLR\AUTH\661409159
675 ## - УНИВЕРСАЛЬНАЯ ДЕСЯТИЧНАЯ КЛАССИФИКАЦИЯ (UDC/УДК)
Индекс 636.1
Издание 4
686 1# - ИНДЕКСЫ ДРУГИХ КЛАССИФИКАЦИЙ
Индекс П611-41(2Р54-6Я)
700 #1 - ИМЯ ЛИЦА - ПЕРВИЧНАЯ ОТВЕТСТВЕННОСТЬ
Начальный элемент ввода Владимиров
Часть имени, кроме начального элемента ввода Л.Н.
Дополнения к именам, кроме дат д-р биол. наук
Даты 1959-
Расширение инициалов личного имени Леонид Николаевич
Идентификатор авторитетной/нормативной записи RU\NLR\AUTH\7720415
701 #1 - ИМЯ ЛИЦА - АЛЬТЕРНАТИВНАЯ ОТВЕТСТВЕННОСТЬ
Начальный элемент ввода Винокуров
Часть имени, кроме начального элемента ввода Н. Т.
Расширение инициалов личного имени Николай Тимофеевич
701 #1 - ИМЯ ЛИЦА - АЛЬТЕРНАТИВНАЯ ОТВЕТСТВЕННОСТЬ
Начальный элемент ввода Мачахтырова
Часть имени, кроме начального элемента ввода В. А.
Расширение инициалов личного имени Варвара Анатольевна
790 #1 - ИМЯ ЛИЦА - АЛЬТЕРНАТИВНАЯ ФОРМА
Связь между полями z11510
Начальный элемент ввода Vladimirov
Часть имени, кроме начального элемента ввода L. N.
Дополнения к именам, кроме дат д-р биол. наук
Даты 1959-
Расширение инициалов личного имени Leonid Nikolaevič
Идентификатор авторитетной/нормативной записи RU\NLR\AUTH\7735751
942 ## - ДОПОЛНИТЕЛЬНЫЕ ЭЛЕМЕНТЫ ЗАПИСИ (АБИС)
Тип экземпляра АБИС Книга
980 ## - КОЛЛЕКЦИЯ
Название коллекции Национальная библиография
Экземпляры
Тип экземпляра Дата поступления Источник поступления Библиотека постоянного хранения Библиотека текущего хранения Место хранения Шифр хранения Штрих-код Статус экземпляра
Книга 20.09.2023 Обязательный экземпляр РНБ (Московский) РНБ (Московский) Русский книжный фонд: издания с 1957 года 2023-5/7349 1-4326440  
Книга 20.09.2023 Обязательный экземпляр РНБ (Московский) РНБ (Московский) Русский книжный фонд: издания с 1957 года 2023-5/7349 1-4326436